00638nam a2200157Ia 450000500170000000800390001702000180005608200200007410000190009424500870011326000290020030000140022952001910024365000250043470000210045920260302160848.0260302s9999 xx 000 0 und d a9783718658220 a338.926094bJUD aJudt, Matthias 0aTechnology Transfer Out of Germany After 1945 / cJudt, Matthias; Ciesla, Burghard bPsychology Press, c1996 a174 pages aThis book studies the movement of technology and scientist between East Germany and the Soviet Union, and West Germany and the Western Allies, using documented examples and case studies. aBusiness & Economics aCiesla, Burghard